|
|
|
|
| LEADER |
00000cam a2200000 7i4500 |
| 001 |
0000000544 |
| 005 |
20010607.0 |
| 090 |
0 |
0 |
|a 634.973748
|b YAM 1994
|
| 100 |
1 |
0 |
|a YAMASHITA
|h Takachika
|
| 245 |
1 |
0 |
|a Experiments on silviculture techniques for Acacia mangium plantation in degraded forest land :
|b Study report
|c reported by Takachika Yamashita, Jazah Saman, Ephraim E.J. Laujang
|
| 260 |
0 |
0 |
|a Kota Kinabalu, Sabah, Malaysia :
|b Sabah Forestry Development Authority : Sabah Re-Afforestation Technical Development and Training Project
|a [Tokyo] :
|b Japan International Cooperation Agency ,
|c [1994]
|
| 300 |
|
|
|a iv, 174 p. :
|b ill., maps ;
|c 30 cm.
|
| 500 |
0 |
0 |
|a Includes bibliographical references
|
| 650 |
0 |
0 |
|a Mangium
|
| 700 |
0 |
1 |
|a Jazah Saman
|
| 700 |
0 |
1 |
|a Laujang
|h Ephraim E. J.
|
| 710 |
1 |
1 |
|a Japan International Cooperation Agency (JICA)
|
| 710 |
1 |
1 |
|a Sabah Forestry Development Authority (SAFODA)
|
| 998 |
|
|
|a JPSM
|
| 999 |
|
|
|a 0000000247
|b Monograph
|c Open Shelf
|e Default branch
|
| 999 |
|
|
|a 0000000429
|b Monograph
|c Open Shelf
|e Default branch
|
| 999 |
|
|
|a 0000000430
|b Monograph
|c Open Shelf
|e Default branch
|
| 999 |
|
|
|a 0000000431
|b Monograph
|c Open Shelf
|e Default branch
|
| 999 |
|
|
|a 0000000432
|b Monograph
|c Open Shelf
|e Default branch
|
| 999 |
|
|
|a 0000000433
|b Monograph
|c Open Shelf
|e Default branch
|
| 999 |
|
|
|a 0000000435
|b Monograph
|c Open Shelf
|e Default branch
|
| 999 |
|
|
|a 0000000436
|b Monograph
|c Open Shelf
|e Default branch
|
| 999 |
|
|
|a 0000000437
|b Monograph
|c Reference
|e Default branch
|